Subdivision capitals closest to Arad (RO) - Statistics

General Stats
  • This quiz has been taken 14 times
  • The average score is 10 of 20
Answer Stats
Distance (km) Answer % Correct
1 47 Timișoara
86%
12 153 Debrecen
71%
8 126 Deva
71%
13 154 Novi Sad
71%
6 108 Oradea
71%
2 58 Békéscsaba
57%
15 165 Beograd
57%
5 104 Reșița
57%
9 128 Subotica
57%
4 90 Szeged
57%
10 141 Szolnok
57%
19 174 Alba Iulia
43%
11 149 Kecskemét
43%
14 154 Pančevo
43%
20 176 Sombor
43%
7 114 Zrenjanin
43%
3 76 Kikinda
29%
18 173 Zalău
29%
17 173 Požarevac
14%
16 171 Smederevo
14%
No matching quizzes found
Score Distribution
Percent of People with Each Score
Percentile by Number Answered
Your Score History
You have not taken this quiz